|
|
|
|
| LEADER |
00000nab a2200000 a 4500 |
| 001 |
vtls000566772 |
| 003 |
SK-MaSNL |
| 005 |
20260304094918.0 |
| 008 |
250425c1993 xo 0 slo |
| 015 |
|
|
|a SNBRA19rr/mm-uuuuu
|
| 035 |
|
|
|a CL0566910
|
| 035 |
|
|
|a urn:nbn:sk:snk-aba2e1
|
| 035 |
|
|
|a (urnnbn)urn:nbn:sk:snk:ar-a099qu
|
| 035 |
|
|
|a (uuid)8faadfcc-e950-4306-86b0-d8e097de291b
|
| 040 |
|
|
|a SNKBUCL
|b slo
|c SNKBUCL
|e AACR2
|
| 041 |
0 |
|
|a slo
|
| 044 |
|
|
|a xo
|c SK
|
| 080 |
|
|
|a 674-414:681.5
|2 1981
|
| 080 |
|
|
|a 681.5
|2 1981
|
| 100 |
1 |
|
|a Naščák, Ľubomír,
|d 1952-
|4 aut
|9 204173
|
| 245 |
1 |
0 |
|a Automatizácia merania tvaru a kvality reziva pomocou počítača
|c Ľubomír Naščák
|
| 300 |
|
|
|b Obr. 5, res. angl., nem., rus., lit. 4 zázn. v češ., slov.
|
| 650 |
0 |
7 |
|a rezivo
|2 snkbucl
|9 322325
|
| 655 |
|
7 |
|a články zo zborníkov
|2 snkbucl
|9 166140
|
| 773 |
0 |
|
|t Zborník vedeckých prác Drevárskej fakulty Technickej univerzity vo Zvolene
|d Bratislava : Alfa, 1993
|g S. 331-337
|z 8005011075
|
| 850 |
|
|
|a Slovenská národná knižnica
|
| 852 |
|
|
|a Slovenská národná knižnica
|
| 954 |
|
|
|a odborná, vedecká literatúra pôvodná (slovenská)
|2 lita
|
| 958 |
|
|
|a article13
|
| 958 |
|
|
|a NB
|
| 958 |
|
|
|a RK
|
| 958 |
|
|
|a OND
|
| 958 |
|
|
|a EUIPO
|
| 992 |
|
|
|a RZB
|
| 999 |
|
|
|c 2829639
|d 2831569
|